Afrykańskie miasta - quiz na mapie - Statystyki

Ogólne statystyki
  • Ten quiz został rozwiązany 728 razy
  • Średni wynik to 18 z 28
Odpowiedzi na mapie
Odpowiedzi zakodowano w zielono-czerwonej skali na mapie do tego quizu, zgodnie z poniższymi procentami.
 
Statystyki odpowiedzi
Odpowiedź % Poprawnych
Kair
92%
Algier
82%
Tunis
79%
Antananarywa
78%
Johannesburg
77%
Dakar
76%
Addis Abeba
75%
Dzibuti
75%
Trypolis
75%
Kapsztad
74%
Chartum
73%
Casablanca
72%
Nairobi
68%
Kinszasa
67%
Mogadiszu
62%
Lagos
58%
Luanda
57%
Kampala
54%
Monrovia
52%
Niamey
51%
Ndżamena
50%
Abudża
48%
Luksor
48%
Dar es Salaam
47%
Mombasa
47%
Lusaka
46%
Abidżan
43%
Timbuktu
43%
Nie znaleziono quizów pasujących do podanych kryteriów
Rozkład punktacji
Procent ludzi z każdym wynikiem
Percentyl według liczby udzielonych odpowiedzi
Twoja historia wyników
Nie rozwiązałeś tego quizu